000 00386nam a2200181Ia 4500
005 20240823034858.0
008 240823s9999||||xx |||||||||||||| ||und||
041 _aENGLISH
082 _A294.3923 P9
100 _aDalai Lama
245 0 _aBecoming Enlightened
250 _a1st
260 _c2009
500 _aYES
650 _aNovel
_bEnglish
942 _cBK
999 _c199345
_d199345